|
|
|
|
| LEADER |
00000nas a2200000 i 4500 |
| 001 |
ssj0000389781 |
| 003 |
WaSeSS |
| 005 |
20200512172242.0 |
| 006 |
m d |
| 007 |
cr n |
| 008 |
010816c19999999sz br p s 0 0eng |
| 010 |
|
|
|a 2019207003
|
| 022 |
|
|
|a 2243-7908
|y 0119-5646
|
| 035 |
|
|
|a (WaSeSS)ssj0000389781
|
| 037 |
|
|
|b De La Salle University Press, 2504 Leon Guinto St., Malate 1004, Manila, Philippines
|
| 040 |
|
|
|a Nz
|b eng
|e pn
|c UX0
|d NTE
|d OCLCQ
|d WEA
|d OCLCO
|d OCLCF
|d OCLCO
|d OCLCQ
|d UAB
|d Z5A
|d VT2
|d WY@
|d OCLCQ
|d UOK
|d U3W
|d AU@
|d WYU
|d DLC
|d OCLCO
|d DLC
|d OCLCQ
|d OCL
|d WaSeSS
|
| 042 |
|
|
|a pcc
|
| 043 |
|
|
|a a-ph---
|
| 050 |
0 |
0 |
|a LA1290
|
| 082 |
1 |
4 |
|a [E]
|
| 245 |
0 |
4 |
|a The Asia-Pacific education researcher
|h [electronic resource].
|
| 246 |
1 |
|
|a Asia-Pacific Edu Res
|
| 246 |
1 |
|
|a Education researcher
|
| 260 |
|
|
|3 <2013-> :
|a [Cham], Switzerland :
|b Springer Nature Switzerland AG
|
| 310 |
|
|
|a 6 issues per year,
|b 2016-
|
| 321 |
|
|
|a 4 issues per year,
|b <2013>-2015
|
| 321 |
|
|
|a Semiannual
|
| 362 |
1 |
|
|a Began with: Vol. 8, no. 1 (June 1999).
|
| 506 |
|
|
|a License restrictions may limit access.
|
| 580 |
|
|
|a Separated from: Tanglaw (Manila, Philippines), and continues its numbering.
|
| 588 |
|
|
|a Description based on: Volume 22, issue 1 (February 2013); title from journal home page (Springer Link, viewed February 6, 2019).
|
| 588 |
|
|
|a Latest issue consulted: Volume 27, issue 6 (December 2018) (Springer Link, viewed February 8, 2019).
|
| 650 |
|
0 |
|a Education
|z Philippines
|v Periodicals.
|
| 650 |
|
0 |
|a Education
|z Asia
|v Periodicals.
|
| 650 |
|
0 |
|a Education
|z Pacific Area
|v Periodicals.
|
| 650 |
|
7 |
|a Education.
|2 fast
|0 (OCoLC)fst00902499
|
| 651 |
|
7 |
|a Pacific Area.
|2 fast
|0 (OCoLC)fst01243504
|
| 651 |
|
7 |
|a Asia.
|2 fast
|0 (OCoLC)fst01240495
|
| 651 |
|
7 |
|a Philippines.
|2 fast
|0 (OCoLC)fst01205261
|
| 655 |
|
0 |
|a Electronic journals.
|
| 710 |
2 |
|
|a De La Salle University.
|b College of Education.
|
| 776 |
0 |
8 |
|i Print version:
|t Asia-Pacific education researcher
|x 0119-5646
|w (DLC) 2001412765
|w (OCoLC)47796942
|
| 780 |
1 |
7 |
|t Tanglaw (Manila, Philippines)
|
| 850 |
|
|
|a DLC
|
| 856 |
4 |
0 |
|z Full text available from Research Library: 02/01/2013 to 1 year ago
|u https://search.proquest.com/publication/2034523
|